Characters in Zelda Tears of the Kingdom - Statistics

General Stats
  • This quiz has been taken 135 times
    131 since last reset
  • The average score is 15 of 22
Answer Stats
Hint Answer % Correct
Princess of Hyrule Zelda
100%
Protagonist Link
96%
Sage of Water Sidon
85%
Antagonist who kills Sonia Ganondorf
83%
Elder of Kakariko Village Impa
82%
Head of Lookout Landing Purah
80%
First Queen of Hyrule Sonia
80%
Sage of Wind Tulin
80%
Founder of Tarrey Town Hudson
78%
First King of Hyrule Rauru
77%
Sage of Fire Yunobo
77%
Sage of Lightning Riju
73%
Short Sheikah researcher with goggles Robbie
72%
Sage of Soul Mineru
67%
Leader of Kakariko Village Paya
67%
Tree man with maracas Hestu
66%
Giant tree that resides in the Korok Forest Deku Tree
59%
Leader of the Yiga Clan Master Kohga
57%
Helps you rebuild Lurelin Village Bolson
46%
Purah and Robbies assistant/student Josha
39%
Hudson Construction employee who installs signs Addison
33%
Leader of the Zonai Research Team Tauro
26%
No matching quizzes found
Score Distribution
Percent of People with Each Score
Percentile by Number Answered
Your Score History
You have not taken this quiz since the last reset